[Event "45th IT Bosna 2015"]
[Site "Sarajevo"]
[Date "2015.05.30"]
[Round "1.32"]
[White "Gazik, Igor"]
[Black "Rozic, Slaven"]
[Result "1-0"]
[WhiteElo "2320"]
[BlackElo "1891"]
[PlyCount "89"]
[EventDate "2015.05.30"]

1. e4 c5 2. Nf3 g6 3. c3 Bg7 4. d4 cxd4 5. cxd4 d5 6. e5 Bg4 7. Nc3 Nc6 8. Be3
Nh6 9. Qb3 Bxf3 10. gxf3 Qd7 11. O-O-O e6 12. h4 Nf5 13. h5 Rc8 14. Kb1 Bf8 15.
Qa4 a6 16. Bh3 Bb4 17. Bxf5 gxf5 18. Rc1 Ba5 19. Ne2 Bb6 20. Rhg1 Rc7 21. Qb3
Ba7 22. Qa3 f4 23. Bxf4 h6 24. Be3 Ne7 25. Ng3 Rxc1+ 26. Rxc1 Nc6 27. Qd3 Qe7
28. f4 f5 29. Nxf5 exf5 30. Qxf5 Qh7 31. Qg6+ Kd8 32. f5 Ne7 33. Qd6+ Ke8 34.
Rc7 Qxf5+ 35. Ka1 Rh7 36. Rxb7 Rg7 37. a3 Rg1+ 38. Ka2 Qb1+ 39. Kb3 Qd3+ 40.
Ka4 Qc4+ 41. Qb4 Qxb4+ 42. Kxb4 Nc6+ 43. Kc3 Kd8 44. Rh7 Rh1 45. Rxh6 1-0

[Event "45th IT Bosna 2015"]
[Site "Sarajevo"]
[Date "2015.05.30"]
[Round "1.34"]
[White "Popovic, Zoran"]
[Black "Vujicic, Dragisa"]
[Result "1-0"]
[WhiteElo "2309"]
[BlackElo "1866"]
[PlyCount "70"]
[EventDate "2015.05.30"]

1. d4 d5 2. c4 c6 3. Nc3 Nf6 4. e3 e6 5. Nf3 Nbd7 6. Be2 Bd6 7. O-O O-O 8. b3
Qe7 9. Bb2 b6 10. Qc2 Bb7 11. Rfd1 Rfd8 12. Rac1 Rac8 13. Bd3 h6 14. Qe2 Re8
15. Rc2 Rcd8 16. Rcd2 Bc7 17. e4 dxc4 18. bxc4 e5 19. d5 c5 20. Nb5 Bb8 21. Bc2
a6 22. Nc3 Bd6 23. Ba4 Rf8 24. Rb1 Rb8 25. Bc1 Rfe8 26. Rdb2 Qd8 27. Nh4 Bf8
28. Nf5 Kh7 29. Qe3 Qc7 30. Qh3 Bc8 31. Bg5 Kg8 32. Bxf6 gxf6 33. Nxh6+ Bxh6
34. Qxh6 Qd6 35. Rb3 b5 1-0

[Event "45th IT Bosna 2015"]
[Site "Sarajevo"]
[Date "2015.05.30"]
[Round "1.35"]
[White "Mahmutbegovic, Muharem"]
[Black "Mestrovic, Zvonimir"]
[Result "0-1"]
[WhiteElo "1856"]
[BlackElo "2278"]
[PlyCount "54"]
[EventDate "2015.05.30"]

1. e4 Nc6 2. Nf3 d5 3. exd5 Qxd5 4. Nc3 Qa5 5. Be2 Bg4 6. O-O O-O-O 7. d3 e5 8.
Be3 Bxf3 9. Bxf3 Nd4 10. Ne4 f5 11. Ng5 Nh6 12. Re1 Be7 13. Bd2 Qb6 14. c3
Nxf3+ 15. Nxf3 Ng4 16. Re2 Bc5 17. Qe1 Rxd3 18. Nxe5 Bxf2+ 19. Rxf2 Nxf2 20.
Nxd3 Nxd3+ 21. Be3 Nxe1 22. Bxb6 Re8 23. Bd4 Nc2 24. Rd1 Rd8 25. Rd2 Nxd4 26.
cxd4 Kd7 27. Kf2 Kd6 0-1

[Event "45th IT Bosna 2015"]
[Site "Sarajevo"]
[Date "2015.05.30"]
[Round "1.36"]
[White "Bogdanovic, Rajko"]
[Black "Agic, Ahmed"]
[Result "1-0"]
[WhiteElo "2268"]
[BlackElo "1843"]
[PlyCount "66"]
[EventDate "2015.05.30"]

1. e4 Nc6 2. Nf3 e6 3. Nc3 Bb4 4. d4 Nge7 5. Bd3 b6 6. O-O Bb7 7. Ne2 Ng6 8.
Ng3 O-O 9. c3 Be7 10. Re1 Nh4 11. Nxh4 Bxh4 12. Qg4 Bxg3 13. hxg3 Ne7 14. e5 f5
15. exf6 Rxf6 16. Bg5 Rf7 17. Qh3 g6 18. g4 Qf8 19. Bh6 Qe8 20. Qg3 c5 21. dxc5
bxc5 22. Re5 Rc8 23. c4 Kh8 24. Be3 d6 25. Rxe6 Qd7 26. Rxd6 Qc7 27. Rd1 Nc6
28. Bxc5 Re8 29. b4 a5 30. a3 Kg8 31. Bf1 g5 32. R6d5 Rg7 33. b5 Ne7 1-0

[Event "45th IT Bosna 2015"]
[Site "Sarajevo"]
[Date "2015.05.30"]
[Round "1.37"]
[White "Becirbasic, Atif"]
[Black "Djoric, Dusan"]
[Result "0-1"]
[WhiteElo "1843"]
[BlackElo "2268"]
[PlyCount "55"]
[EventDate "2015.05.30"]

1. e4 c5 2. Nf3 d6 3. d4 cxd4 4. Qxd4 Nc6 5. Bb5 e6 6. Nc3 Bd7 7. Bxc6 Bxc6 8.
Bg5 Nf6 9. O-O-O Be7 10. Rhe1 Qa5 11. Kb1 O-O 12. Qd3 Rfd8 13. Bh4 Rac8 14. Nd4
Qh5 15. Bg3 d5 16. exd5 Nxd5 17. Nxc6 Nxc3+ 18. bxc3 Rxd3 19. Nxe7+ Kf8 20.
Rxd3 Qb5+ 21. Ka1 Kxe7 22. Red1 f6 23. Bd6+ Kf7 24. Ba3 Rc7 25. g4 Qa4 26. Bd6
Rd7 27. h3 Qxc2 28. R1d2 0-1

[Event "45th IT Bosna 2015"]
[Site "Sarajevo"]
[Date "2015.05.30"]
[Round "1.38"]
[White "Mrndjic, Muamer"]
[Black "Budisavljevic, Luka"]
[Result "1-0"]
[WhiteElo "2263"]
[BlackElo "1835"]
[PlyCount "73"]
[EventDate "2015.05.30"]

1. d4 Nf6 2. c4 c5 3. d5 e6 4. Nc3 exd5 5. cxd5 d6 6. e4 b6 7. Nf3 a6 8. a4 Bg4
9. Qb3 Bxf3 10. gxf3 g6 11. Bg5 Nbd7 12. Be2 h6 13. Bd2 Bg7 14. f4 Nh7 15. h4
h5 16. Nd1 Bf6 17. Qg3 Qe7 18. f3 Bd4 19. Bc3 Qf6 20. Rc1 Ke7 21. Ne3 Rhb8 22.
Nc4 b5 23. Bxd4 Qxd4 24. Rd1 Qf6 25. axb5 axb5 26. e5 dxe5 27. Nxe5 Rb6 28. O-O
Qd6 29. Rfe1 Kf8 30. Bf1 Re8 31. Bh3 Nhf6 32. Qg5 Rbb8 33. Qh6+ Kg8 34. Be6
Nxe5 35. fxe5 Qc7 36. Qxg6+ Kf8 37. Qxf6 1-0

[Event "45th IT Bosna 2015"]
[Site "Sarajevo"]
[Date "2015.05.30"]
[Round "1.39"]
[White "Okuyaz, Duru"]
[Black "Vea, Odin Blikra"]
[Result "0-1"]
[WhiteElo "1835"]
[BlackElo "2234"]
[PlyCount "57"]
[EventDate "2015.05.30"]

1. e4 c5 2. Nf3 d6 3. Bb5+ Nd7 4. d4 cxd4 5. Qxd4 a6 6. Bxd7+ Bxd7 7. O-O e5 8.
Qd3 h6 9. c4 Nf6 10. Nc3 Be7 11. Ne1 O-O 12. Nc2 b5 13. b3 bxc4 14. bxc4 Rc8
15. Ne3 Qa5 16. Ncd5 Nxd5 17. Nxd5 Bd8 18. Ba3 Rc6 19. Rfb1 Bg5 20. Rb7 Be6 21.
Bb4 Qd8 22. g3 Qc8 23. Ne7+ Bxe7 24. Rxe7 Qd8 25. Rb7 Qc8 26. Re7 Rxc4 27. Qa3
Rd8 28. Rd1 Rc2 29. Re1 0-1

[Event "45th IT Bosna 2015"]
[Site "Sarajevo"]
[Date "2015.05.30"]
[Round "1.40"]
[White "Hadzovic, Amir"]
[Black "Janjic, Nikola"]
[Result "1-0"]
[WhiteElo "2218"]
[BlackElo "1831"]
[PlyCount "61"]
[EventDate "2015.05.30"]

1. e4 e5 2. Nc3 Nf6 3. Nf3 Nc6 4. Bb5 d6 5. d4 exd4 6. Nxd4 Bd7 7. O-O Be7 8.
f4 Nxd4 9. Bxd7+ Qxd7 10. Qxd4 O-O 11. h3 b6 12. Qd3 Rad8 13. f5 Qc6 14. Bg5 h6
15. Nd5 Nxd5 16. exd5 Qd7 17. Bxh6 Bf6 18. Qg3 Kh7 19. Bg5 Bxg5 20. Qxg5 f6 21.
Qg6+ Kg8 22. Rae1 Qf7 23. Re6 Qxg6 24. fxg6 Rfe8 25. Rfe1 Kf8 26. Kf2 Rxe6 27.
Rxe6 Re8 28. Rxe8+ Kxe8 29. Kf3 Ke7 30. Kf4 Kd7 31. h4 1-0

[Event "45th IT Bosna 2015"]
[Site "Sarajevo"]
[Date "2015.05.30"]
[Round "1.41"]
[White "Smaka, Faruk"]
[Black "Hodzic, Nihad"]
[Result "0-1"]
[WhiteElo "1827"]
[BlackElo "2210"]
[PlyCount "52"]
[EventDate "2015.05.30"]

1. e4 c5 2. Nf3 d6 3. d4 cxd4 4. Nxd4 Nf6 5. Nc3 a6 6. Be3 e6 7. f3 b5 8. g4 h6
9. Bd3 Nbd7 10. Qd2 Bb7 11. O-O-O Ne5 12. h4 b4 13. Nce2 d5 14. g5 dxe4 15.
fxe4 Nxe4 16. Bxe4 Bxe4 17. Rhf1 Nc4 18. Qe1 Nxe3 19. Qf2 Nxf1 20. Nxe6 Qe7 21.
Nxf8 Bxc2 22. Rxf1 Rc8 23. Nd4 Bd3+ 24. Kd2 Bxf1 25. Qxf1 hxg5 26. Qxa6 Rd8 0-1

[Event "45th IT Bosna 2015"]
[Site "Sarajevo"]
[Date "2015.05.30"]
[Round "1.42"]
[White "Pastar, Slaven"]
[Black "Hamzic, Adil"]
[Result "1-0"]
[WhiteElo "2194"]
[BlackElo "1823"]
[PlyCount "33"]
[EventDate "2015.05.30"]

1. e4 c5 2. Nc3 d6 3. f4 e6 4. Nf3 a6 5. a4 Nc6 6. Bc4 Be7 7. O-O Bd7 8. Qe1
Rc8 9. d3 Nb4 10. Bb3 Bc6 11. Qg3 g6 12. f5 d5 13. fxe6 f6 14. Nh4 Bd6 15. Qg4
dxe4 16. Nxg6 Qc7 17. Nxh8 1-0

[Event "45th IT Bosna 2015"]
[Site "Sarajevo"]
[Date "2015.05.30"]
[Round "1.43"]
[White "Arda, Cagil Irmak"]
[Black "Zildzic, Kenan"]
[Result "0-1"]
[WhiteElo "1822"]
[BlackElo "2181"]
[PlyCount "72"]
[EventDate "2015.05.30"]

1. e4 e5 2. Nf3 Nc6 3. Nc3 Nf6 4. d4 exd4 5. Nxd4 Bb4 6. Nxc6 bxc6 7. Bd3 d5 8.
exd5 cxd5 9. O-O c6 10. Re1+ Be7 11. Bg5 O-O 12. Qf3 Be6 13. h3 h6 14. Bf4 Nd7
15. Ne2 Nc5 16. Nd4 Nxd3 17. Qxd3 Bd7 18. Re3 Bc5 19. c3 Re8 20. Rae1 Rxe3 21.
Rxe3 a5 22. Qd2 Kh7 23. Rg3 Qf6 24. Qd3+ Kh8 25. Be3 Kg8 26. Qd2 Bd6 27. Rf3
Qg6 28. Bf4 Re8 29. Bxd6 Qxd6 30. Re3 Rb8 31. Rf3 a4 32. Nf5 Bxf5 33. Rxf5 Qg6
34. g4 Re8 35. Kf1 Re4 36. Rf4 Qg5 0-1

[Event "45th IT Bosna 2015"]
[Site "Sarajevo"]
[Date "2015.05.30"]
[Round "1.45"]
[White "Drino, Faris"]
[Black "Karup, Edin"]
[Result "1-0"]
[WhiteElo "1774"]
[BlackElo "2156"]
[PlyCount "69"]
[EventDate "2015.05.30"]

1. e4 c5 2. Nf3 d6 3. Nc3 Nc6 4. Bb5 Bd7 5. Bxc6 bxc6 6. h3 e5 7. Ne2 f5 8.
exf5 Bxf5 9. Ng3 Bg6 10. O-O Nf6 11. Nh4 Bf7 12. c3 g5 13. Nhf5 h5 14. d4 h4
15. dxe5 hxg3 16. Bxg5 Qd7 17. Bxf6 Rg8 18. Nxd6+ Bxd6 19. Qxd6 Bd5 20. Qxd7+
Kxd7 21. f4 Rab8 22. b3 c4 23. Rad1 Kc7 24. b4 a5 25. Be7 Ra8 26. a3 Kd7 27.
Bc5 Ke6 28. Rde1 Kf5 29. e6 Be4 30. Rxe4 Kxe4 31. f5 axb4 32. Bxb4 c5 33. Bxc5
Ra5 34. f6 Rxc5 35. f7 1-0

[Event "45th IT Bosna 2015"]
[Site "Sarajevo"]
[Date "2015.05.30"]
[Round "1.46"]
[White "Bucan, Eldin"]
[Black "Nestorovic, Katarina"]
[Result "1-0"]
[WhiteElo "2155"]
[BlackElo "1764"]
[PlyCount "61"]
[EventDate "2015.05.30"]

1. e4 c5 2. Nf3 e6 3. d4 cxd4 4. Nxd4 Nf6 5. Nc3 d6 6. Bg5 Be7 7. Qd2 O-O 8.
O-O-O Nc6 9. f4 a6 10. h4 Qc7 11. Be2 Bd7 12. Qe3 Nxd4 13. Rxd4 Bc6 14. Bf3
Rac8 15. Rhd1 b5 16. e5 Nd5 17. Bxd5 Bxd5 18. Bxe7 Qxe7 19. exd6 Qxd6 20. f5
Qc5 21. f6 Rfd8 22. Qg5 g6 23. Qh6 Qf8 24. Qxf8+ Kxf8 25. Nxd5 exd5 26. Rxd5
Re8 27. g4 Rc4 28. R1d4 Rxd4 29. Rxd4 h6 30. Rd6 Ra8 31. Kd2 1-0

[Event "45th IT Bosna 2015"]
[Site "Sarajevo"]
[Date "2015.05.30"]
[Round "1.47"]
[White "Johnen, Franz"]
[Black "Szostko, Jakub"]
[Result "0-1"]
[WhiteElo "1717"]
[BlackElo "2153"]
[PlyCount "70"]
[EventDate "2015.05.30"]

1. d4 Nf6 2. Nf3 g6 3. e3 Bg7 4. c4 O-O 5. Nc3 c5 6. Be2 cxd4 7. Nxd4 d5 8. O-O
dxc4 9. Bxc4 Qc7 10. Be2 a6 11. Bf3 Rd8 12. Qb3 Nbd7 13. Rd1 Nc5 14. Qc2 e5 15.
Nb3 Bf5 16. e4 Ncxe4 17. Rxd8+ Rxd8 18. Be3 Nd2 19. Qd1 Nxf3+ 20. Qxf3 e4 21.
Qf4 Qc8 22. Rc1 Rd3 23. h3 Qe8 24. g4 Bd7 25. Nc5 Nd5 26. Nxd5 Rxd5 27. Nxd7
Rxd7 28. Rc2 Be5 29. Qg5 Rd5 30. Kg2 Qd7 31. Rd2 f6 32. Qh6 Qc6 33. h4 Rxd2 34.
Bxd2 e3+ 35. f3 exd2 0-1

[Event "45th IT Bosna 2015"]
[Site "Sarajevo"]
[Date "2015.05.30"]
[Round "1.48"]
[White "Mrndjic, Armin"]
[Black "Can, Isil"]
[Result "1-0"]
[WhiteElo "2148"]
[BlackElo "1692"]
[PlyCount "29"]
[EventDate "2015.05.30"]

1. d4 d5 2. c4 c6 3. Nc3 Nf6 4. Nf3 e6 5. Bg5 h6 6. Bh4 dxc4 7. Ne5 b5 8. e4
Bb7 9. Nxf7 Kxf7 10. e5 g5 11. exf6 gxh4 12. Qh5+ Kxf6 13. Qxh4+ Kg7 14. Qxd8
Bb4 15. Qc7+ 1-0

[Event "45th IT Bosna 2015"]
[Site "Sarajevo"]
[Date "2015.05.30"]
[Round "1.49"]
[White "Fejzic, Edo"]
[Black "Lakovic, Mustafa"]
[Result "1-0"]
[WhiteElo "1690"]
[BlackElo "2110"]
[PlyCount "83"]
[EventDate "2015.05.30"]

1. e4 e6 2. d4 d5 3. exd5 exd5 4. Nf3 Nf6 5. Be2 Bd6 6. O-O O-O 7. Nc3 c6 8.
Bg5 Bf5 9. Re1 Nbd7 10. Bd3 Bg4 11. h3 Bh5 12. Bf5 Qc7 13. Qd3 Rfe8 14. Rxe8+
Rxe8 15. Re1 Rxe1+ 16. Nxe1 Bf4 17. Bxf4 Qxf4 18. g4 Bg6 19. Bxg6 hxg6 20. Qe3
Qxe3 21. fxe3 Ne4 22. Nxe4 dxe4 23. c4 f5 24. g5 b6 25. Ng2 c5 26. Nf4 Kf7 27.
Kf2 Nf8 28. a3 Ne6 29. Nxe6 Kxe6 30. d5+ Kd6 31. Kg3 a5 32. a4 Ke5 33. b3 Kd6
34. Kf4 Kd7 35. Ke5 Ke7 36. h4 Kd7 37. h5 gxh5 38. Kxf5 g6+ 39. Kxe4 Kd6 40.
Kf4 Ke7 41. e4 Kd6 42. e5+ 1-0

[Event "45th IT Bosna 2015"]
[Site "Sarajevo"]
[Date "2015.05.30"]
[Round "1.50"]
[White "Strinic, Halid"]
[Black "Strinic, Hamdija"]
[Result "1/2-1/2"]
[WhiteElo "2103"]
[BlackElo "1690"]
[PlyCount "57"]
[EventDate "2015.05.30"]

1. e4 e5 2. Nf3 d6 3. d4 Qe7 4. Nc3 c6 5. Be2 Bg4 6. O-O Nd7 7. a4 h6 8. Re1
Ngf6 9. a5 g6 10. h3 Be6 11. d5 cxd5 12. exd5 Bf5 13. g4 O-O-O 14. gxf5 gxf5
15. Qd3 e4 16. Qc4+ Kb8 17. Nd4 Qe5 18. Ndb5 Rc8 19. Qd4 Rc5 20. Qxe5 dxe5 21.
Be3 a6 22. Bxc5 Bxc5 23. Na3 e3 24. fxe3 Bxe3+ 25. Kh1 f4 26. Nc4 Bd4 27. Rad1
Bf2 28. Rf1 Bc5 29. Bf3 1/2-1/2

[Event "45th IT Bosna 2015"]
[Site "Sarajevo"]
[Date "2015.05.30"]
[Round "1.51"]
[White "Pleh, Semir"]
[Black "Bjelopoljak, Salko"]
[Result "0-1"]
[WhiteElo "1688"]
[BlackElo "2084"]
[PlyCount "91"]
[EventDate "2015.05.30"]

1. d4 d5 2. c4 e6 3. Nc3 Nf6 4. Nf3 a6 5. c5 Nc6 6. Bg5 Be7 7. e3 O-O 8. Bd3 h6
9. Bxf6 Bxf6 10. O-O Re8 11. a3 Kf8 12. Bc2 b5 13. Re1 Bb7 14. Bb3 g6 15. Rc1
Bg7 16. Qd3 Na5 17. Qc2 Rb8 18. Ba2 Nc6 19. b4 Bc8 20. h3 a5 21. bxa5 Nxa5 22.
Rb1 c6 23. Ne2 Qc7 24. Qc3 Ra8 25. Ra1 Nb7 26. Bb3 Qa5 27. Qb4 Bd7 28. Ra2 Qxb4
29. axb4 Rxa2 30. Bxa2 Ra8 31. Bb3 Ra6 32. Rb1 Ke7 33. Ne1 e5 34. Nc2 Ra8 35.
Ra1 Rxa1+ 36. Nxa1 exd4 37. Nxd4 Bxd4 38. exd4 Nd8 39. g4 Ne6 40. Nc2 Nf4 41.
Kf1 Nxh3 42. Ne3 Nf4 43. Bd1 Kf6 44. f3 h5 45. Kg1 Kg5 46. Kh2 0-1

[Event "45th IT Bosna 2015"]
[Site "Sarajevo"]
[Date "2015.05.30"]
[Round "1.52"]
[White "Obad, Andrija"]
[Black "Demic, Aleksandar"]
[Result "1-0"]
[WhiteElo "2074"]
[BlackElo "1673"]
[PlyCount "43"]
[EventDate "2015.05.30"]

1. e4 c5 2. Nf3 d6 3. d4 cxd4 4. Nxd4 Nf6 5. Nc3 g6 6. Be3 Bg7 7. f3 O-O 8. Qd2
Nc6 9. g4 Be6 10. Nxe6 fxe6 11. O-O-O Ne5 12. Be2 Qa5 13. Kb1 Rac8 14. h4 Nc4
15. Bxc4 Rxc4 16. h5 Nxg4 17. fxg4 Bxc3 18. bxc3 Rxc3 19. Bd4 Qb5+ 20. Ka1 Rg3
21. hxg6 e5 22. Qh6 1-0

[Event "45th IT Bosna 2015"]
[Site "Sarajevo"]
[Date "2015.05.30"]
[Round "1.53"]
[White "Krug, Franz-Dieter"]
[Black "Peric, Bernard"]
[Result "0-1"]
[WhiteElo "1639"]
[BlackElo "2072"]
[PlyCount "34"]
[EventDate "2015.05.30"]

1. d4 Nf6 2. c4 g6 3. Nc3 d5 4. cxd5 Nxd5 5. e4 Nxc3 6. bxc3 Bg7 7. Bd3 c5 8.
Nf3 O-O 9. Be3 Nc6 10. Bc2 Bg4 11. e5 cxd4 12. cxd4 Rc8 13. h3 Bxf3 14. Qxf3
Nxd4 15. Bxd4 Qxd4 16. O-O Rxc2 17. Rad1 Qxe5 0-1

[Event "45th IT Bosna 2015"]
[Site "Sarajevo"]
[Date "2015.05.30"]
[Round "1.54"]
[White "Bryn, Askild"]
[Black "Celik, Eda"]
[Result "1-0"]
[WhiteElo "2071"]
[BlackElo "1615"]
[PlyCount "77"]
[EventDate "2015.05.30"]

1. e4 e5 2. Nf3 Nc6 3. Bb5 a6 4. Ba4 Nf6 5. Bxc6 dxc6 6. d3 Bg4 7. h3 Bxf3 8.
Qxf3 Bc5 9. Bg5 Qe7 10. Nd2 O-O-O 11. Nf1 Qe6 12. Bxf6 Qxf6 13. Qxf6 gxf6 14.
Ng3 Rhg8 15. Kf1 Rd7 16. Nh5 Be7 17. g4 Rdd8 18. Ke2 c5 19. b3 b5 20. c4 Rd7
21. Rhf1 Rgd8 22. Rad1 c6 23. f4 Rf8 24. Rf3 bxc4 25. bxc4 Rb7 26. Rd2 Kd7 27.
Kf1 Ke6 28. Rdf2 Rb1+ 29. Kg2 a5 30. fxe5 fxe5 31. Ng7+ Kd7 32. Rxf7 Rxf7 33.
Rxf7 Rb2+ 34. Kf1 Kd8 35. Nf5 Bg5 36. Rxh7 Rxa2 37. h4 Rh2 38. Kg1 Bf4 39. g5
1-0

[Event "45th IT Bosna 2015"]
[Site "Sarajevo"]
[Date "2015.05.30"]
[Round "1.55"]
[White "Arda, Dogasu"]
[Black "Kozarcanin, Sead"]
[Result "0-1"]
[WhiteElo "1529"]
[BlackElo "2066"]
[PlyCount "37"]
[EventDate "2015.05.30"]

1. d4 d5 2. Nf3 Nf6 3. c4 c6 4. e3 Bf5 5. Nc3 e6 6. Bd3 Bg6 7. b3 Bb4 8. Bb2
Ne4 9. Qc2 Qa5 10. Rc1 Qxa2 11. O-O Bxc3 12. Bxc3 Qxc2 13. Rxc2 Nxc3 14. Bxg6
hxg6 15. Rxc3 Nd7 16. Ra1 Ke7 17. Rc2 f6 18. Rca2 a6 19. Ra4 0-1

[Event "45th IT Bosna 2015"]
[Site "Sarajevo"]
[Date "2015.05.30"]
[Round "1.56"]
[White "Kuzmanovic, Aleksa"]
[Black "Tomic, Jelena"]
[Result "1-0"]
[WhiteElo "2062"]
[BlackElo "1333"]
[PlyCount "48"]
[EventDate "2015.05.30"]

1. d4 Nf6 2. c4 e6 3. Nc3 d5 4. Nf3 Be7 5. Bf4 O-O 6. e3 a6 7. c5 Nbd7 8. Bd3
Re8 9. O-O Nf8 10. h3 Ng6 11. Bh2 Bd7 12. b4 Bc6 13. a4 b5 14. axb5 axb5 15.
Nxb5 Bxb5 16. Bxb5 Rf8 17. Rxa8 Qxa8 18. Bxc7 Ne4 19. Bd3 Qb7 20. Bb6 Bd8 21.
Bxd8 Rxd8 22. b5 Nc3 23. Qb3 Ne4 24. Ra1 Ne7 1-0

[Event "45th IT Bosna 2015"]
[Site "Sarajevo"]
[Date "2015.05.30"]
[Round "1.60"]
[White "Lakota, Izet"]
[Black "Jusic, Zdenko"]
[Result "0-1"]
[WhiteElo "1790"]
[BlackElo "2283"]
[PlyCount "58"]
[EventDate "2015.05.30"]

1. e4 d6 2. h3 e5 3. Nf3 f5 4. d3 Nf6 5. Bg5 h6 6. Bxf6 Qxf6 7. Nc3 Nc6 8. a3
Be6 9. Be2 f4 10. Nb5 Qe7 11. d4 Bf7 12. d5 Nd8 13. Nh2 h5 14. Qd2 a6 15. Nc3
g5 16. O-O-O Bh6 17. f3 b5 18. Na2 c5 19. dxc6 Bxa2 20. b3 Nxc6 21. Qd5 Rc8 22.
Kb2 Nd4 23. Bd3 Kf8 24. Rc1 Kg7 25. Kxa2 Rc5 26. c3 Rhc8 27. cxd4 Rxc1 28. Rxc1
Rxc1 29. dxe5 Qxe5 0-1

[Event "45th IT Bosna 2015"]
[Site "Sarajevo"]
[Date "2015.05.31"]
[Round "2.1"]
[White "Markus, Robert"]
[Black "Burovic, Rijad"]
[Result "1-0"]
[WhiteElo "2628"]
[BlackElo "2330"]
[PlyCount "71"]
[EventDate "2015.05.30"]

1. d4 Nf6 2. c4 g6 3. Nf3 Bg7 4. g3 O-O 5. Bg2 d6 6. O-O Nc6 7. Nc3 a6 8. h3
Bd7 9. Be3 Rb8 10. Rc1 Na5 11. Nd5 b5 12. Nxf6+ Bxf6 13. cxb5 axb5 14. b3 Bf5
15. d5 Bb2 16. Bh6 Re8 17. Nd4 Bxc1 18. Qxc1 Bd7 19. f4 e6 20. dxe6 fxe6 21. f5
gxf5 22. Bg5 Qc8 23. Bf6 Kf7 24. Qh6 Rg8 25. Rxf5 exf5 26. Bd5+ Be6 27. Bxe6+
Qxe6 28. Nxe6 Kxe6 29. Bc3+ Kd5 30. Bxa5 Rxg3+ 31. Kf2 Rbg8 32. Bxc7 Rg2+ 33.
Ke1 R8g6 34. Qxh7 f4 35. Bb6 f3 36. Qb7+ 1-0

[Event "45th IT Bosna 2015"]
[Site "Sarajevo"]
[Date "2015.05.31"]
[Round "2.2"]
[White "Trkulja, Goran"]
[Black "Predojevic, Borki"]
[Result "0-1"]
[WhiteElo "2324"]
[BlackElo "2623"]
[PlyCount "100"]
[EventDate "2015.05.30"]

1. e4 e6 2. d4 d5 3. Nc3 Nf6 4. e5 Nfd7 5. f4 c5 6. Nf3 Nc6 7. Be3 Be7 8. Qd2
O-O 9. Be2 b6 10. Nd1 cxd4 11. Nxd4 Nxd4 12. Bxd4 Nb8 13. Ne3 Nc6 14. c3 b5 15.
O-O b4 16. Bd3 bxc3 17. bxc3 Rb8 18. Rab1 Rxb1 19. Rxb1 Qa5 20. Qc2 g6 21. Bb5
Nxd4 22. cxd4 Ba6 23. Bxa6 Qxa6 24. g4 Rc8 25. Qd2 f6 26. exf6 Bxf6 27. g5 Bg7
28. Ng4 Rf8 29. Ne5 Bxe5 30. fxe5 Qa3 31. Rb3 Qe7 32. Qe3 Qf7 33. Rb1 Qf5 34.
Rc1 Rf7 35. h3 h6 36. gxh6 Kh7 37. Kh2 g5 38. Rg1 Kxh6 39. Rg2 Qf4+ 40. Qxf4
Rxf4 41. Rg4 Rf2+ 42. Rg2 Rf4 43. Rg4 Rf2+ 44. Rg2 Rf3 45. Rg3 Rxg3 46. Kxg3
Kh5 47. h4 gxh4+ 48. Kf4 h3 49. Kg3 h2 50. Kxh2 Kg4 0-1

[Event "45th IT Bosna 2015"]
[Site "Sarajevo"]
[Date "2015.05.31"]
[Round "2.3"]
[White "Kozul, Zdenko"]
[Black "Gazik, Igor"]
[Result "1-0"]
[WhiteElo "2620"]
[BlackElo "2320"]
[PlyCount "117"]
[EventDate "2015.05.30"]

1. d4 f5 2. g3 Nf6 3. Bg2 g6 4. c4 Bg7 5. Nc3 c6 6. Nh3 d6 7. d5 O-O 8. Nf4 e5
9. dxe6 Na6 10. O-O Nc5 11. Qc2 g5 12. Nh3 h6 13. f4 g4 14. Nf2 Bxe6 15. b3 d5
16. Ba3 Qa5 17. Qc1 d4 18. Ncd1 Qb6 19. Nd3 Nfd7 20. N1f2 Rfe8 21. Qc2 a5 22.
Rfe1 Na6 23. Rad1 Nb4 24. Qb1 Bf7 25. Bb2 h5 26. Nxb4 axb4 27. Qa1 Re7 28. Kf1
h4 29. e3 h3 30. Bh1 Nc5 31. Bxd4 Bxd4 32. Qxd4 Rae8 33. Nd3 Nd7 34. Qxb6 Nxb6
35. Kf2 Ra8 36. Rd2 Rd7 37. Red1 Rad8 38. Ke2 Bxc4 39. bxc4 Nxc4 40. Rc2 Na3
41. Rc5 Nb5 42. Rxb5 cxb5 43. e4 Kg7 44. exf5 Kf6 45. Be4 Ra8 46. Nxb4 Rxd1 47.
Kxd1 Ra4 48. a3 Rxa3 49. Nd5+ Kf7 50. Kd2 Ra4 51. Bd3 b4 52. Bc4 Ra1 53. Ne3+
Kf8 54. Nxg4 b5 55. Bb3 Rg1 56. f6 Rg2+ 57. Kd3 Rb2 58. Be6 Rg2 59. Ne5 1-0

[Event "45th IT Bosna 2015"]
[Site "Sarajevo"]
[Date "2015.05.31"]
[Round "2.4"]
[White "Sutkovic, Damir"]
[Black "Nikolic, Predrag"]
[Result "1/2-1/2"]
[WhiteElo "2320"]
[BlackElo "2618"]
[PlyCount "134"]
[EventDate "2015.05.30"]

1. b3 d5 2. Bb2 c5 3. e3 Nc6 4. Bb5 Qc7 5. Nc3 Nf6 6. Nf3 e5 7. d4 cxd4 8. exd4
e4 9. Ne5 Bd6 10. O-O O-O 11. Bxc6 bxc6 12. Na4 Bxe5 13. dxe5 Ng4 14. c4 Nxe5
15. cxd5 Nd3 16. Ba3 Re8 17. d6 Qa5 18. f3 Bf5 19. fxe4 Bxe4 20. Qg4 f5 21. Qg3
Re6 22. Rad1 Rg6 23. Rxd3 Rxg3 24. Rxg3 Rd8 25. Bb2 Rxd6 26. Rxg7+ Kf8 27. Rg4
Re6 28. Rgf4 Kg8 29. Rd1 Bc2 30. Bc3 Qc7 31. Rdf1 Qe7 32. Bb4 Qg7 33. R4f2 Be4
34. Nc5 Re8 35. Nxe4 Rxe4 36. Bc5 f4 37. Rxf4 Rxf4 38. Rxf4 Qa1+ 39. Rf1 Qxa2
40. b4 a5 41. bxa5 Qxa5 42. Be3 h5 43. Rc1 Qe5 44. Kf2 Qf5+ 45. Ke2 Qe4 46. Kf2
Kf7 47. Rc5 Qg6 48. h4 Ke7 49. g3 Kd6 50. Rg5 Qc2+ 51. Kf3 Ke6 52. Bf2 Qd1+ 53.
Kg2 Qe2 54. Kg1 Qf3 55. Bc5 Kd7 56. Bf2 Kc7 57. Rg7+ Kc8 58. Rg8+ Kb7 59. Rg7+
Ka6 60. Rg5 Qd1+ 61. Kg2 Qe2 62. Kg1 Qf3 63. Kf1 Qh1+ 64. Ke2 Qh3 65. Ke1 Qe6+
66. Kf1 Qc4+ 67. Kg1 Qe2 1/2-1/2

[Event "45th IT Bosna 2015"]
[Site "Sarajevo"]
[Date "2015.05.31"]
[Round "2.5"]
[White "Stevic, Hrvoje"]
[Black "Popovic, Zoran"]
[Result "1-0"]
[WhiteElo "2596"]
[BlackElo "2309"]
[PlyCount "67"]
[EventDate "2015.05.30"]

1. e4 c6 2. d4 d5 3. e5 Bf5 4. h4 h5 5. Bd3 Bxd3 6. Qxd3 e6 7. Bg5 Be7 8. Nf3
Nh6 9. Nc3 Nf5 10. Ne2 Nd7 11. Ng3 Nxg3 12. fxg3 Nf8 13. O-O f5 14. exf6 gxf6
15. Bf4 Qd7 16. Qe2 O-O-O 17. Rae1 Bd6 18. Nd2 Bxf4 19. gxf4 Re8 20. f5 e5 21.
dxe5 fxe5 22. Nf3 e4 23. Ng5 Qc7 24. Qf2 Kb8 25. f6 Rc8 26. c4 Ng6 27. f7 Qe5
28. Qf6 Qxf6 29. Rxf6 Nf8 30. cxd5 cxd5 31. Rd6 Kc7 32. Rxd5 Rh6 33. Rxe4 Rf6
34. Re8 1-0

[Event "45th IT Bosna 2015"]
[Site "Sarajevo"]
[Date "2015.05.31"]
[Round "2.6"]
[White "Mestrovic, Zvonimir"]
[Black "Palac, Mladen"]
[Result "0-1"]
[WhiteElo "2278"]
[BlackElo "2561"]
[PlyCount "66"]
[EventDate "2015.05.30"]

1. e4 c5 2. c3 Nf6 3. e5 Nd5 4. d4 cxd4 5. Bc4 Qc7 6. Qe2 Nb6 7. Bb3 d3 8. Qxd3
Qxe5+ 9. Be3 e6 10. Nf3 Qc7 11. c4 d6 12. Nc3 Bd7 13. O-O-O Na6 14. Nd4 Nc5 15.
Qe2 a6 16. Bc2 Be7 17. Rhe1 O-O-O 18. Kb1 Kb8 19. Rc1 Rc8 20. b4 Nca4 21. Nxa4
Nxa4 22. Bb3 Bf6 23. Qd1 b5 24. Bxa4 bxa4 25. c5 Qb7 26. Nc2 dxc5 27. Qd6+ Ka8
28. a3 Bb5 29. Red1 Rhd8 30. Qg3 cxb4 31. Rxd8 Rxd8 32. Nxb4 Qe4+ 33. Rc2 Rd4
0-1